Top 10 siatkarzy - ranking 2024 - Statystyki

Ogólne statystyki
  • Ten quiz został rozwiązany 67 razy
    53 od ostatniego zresetowania
  • Średni wynik to 5 z 10
Statystyki odpowiedzi
Miejsce Narodowość Pozycja Siatkarz % Poprawnych
8 Polska Środkowy Jakub Kochanowski
90%
5 Polska Przyjmujący Wilfredo León
90%
2 Polska Środkowy Norbert Huber
79%
1 Francja Przyjmujący Earvin Ngapeth
56%
6 Francja Rozgrywający Antoine Brizard
46%
3 Holandia Atakujący Nimir Abdel-Aziz
44%
4 Francja Atakujący Jean Patry
40%
9 Włochy Przyjmujący Alessandro Michieletto
38%
10 Francja Przyjmujący Trévor Clévenot
31%
7 Stany Zjednoczone Środkowy Taylor Averill
27%
Nie znaleziono quizów pasujących do podanych kryteriów
Rozkład punktacji
Procent ludzi z każdym wynikiem
Percentyl według liczby udzielonych odpowiedzi
Twoja historia wyników
Nie rozwiązałeś tego quizu od ostatniego zresetowania